Countries That Have Been In The Most Wars - Statistics

General Stats
  • This quiz has been taken 108 times
    71 since last reset
  • The average score is 9 of 15
Answer Stats
# of Wars Country % Correct
250+ France
97%
180 United Kingdom
97%
101 United States of America
97%
75 Russia
93%
300+ Spain
90%
148 India
75%
104 Iran
67%
115 Poland
61%
78 Brazil
59%
115 Austria
49%
190 Hungary
44%
90 Argentina
39%
66 Denmark
33%
67 Nigeria
18%
110 The Philippines
16%
No matching quizzes found
Score Distribution
Percent of People with Each Score
Percentile by Number Answered
Your Score History
You have not taken this quiz since the last reset